000 01024nas a2200349 4500
001 BR0602075
003 BR-BrBNA
005 20231205110019.0
007 ta
008 230509b bl.|||p| |||| 00| 00por d
040 _aBR-BrBNA
_bpor
_cBiblioteca Nacional de Agricultura
041 _a(Pt)
072 _aK10
100 1 _aAraújo Neto, J.C. de
100 1 _aAguiar, I.B. de
100 1 _aFerreira, V.M.
100 1 _aRodrigues, T. de J.D.
245 1 _aArmazenamento e requerimento fotoblástico de sementes de Acacia polyphylla DC
650 _aMONJOLEIRO
650 _aSEMENTE FLORESTAL
650 _aARMAZENAMENTO
650 _aLONGEVIDADE
650 _aSOLO
650 _aFISIOLOGIA VEGETAL
650 _aQUALIDADE
650 _aTEMPERATURA
650 _aGERMINAÇÃO
650 _aCOMPORTAMENTO DE VARIEDADE
773 0 _tRevista Brasileira de Sementes (Brazil)
_xISSN 0101-3122
_g(2005), v. 27(1) p. 115-124
_wBR0602075
909 _a202311
_bLúcia
_c55
_dLúcia Elande
942 _2AGRIS
_n0
_cANA
999 _c185811
_d185811